00350nam a2200145Ia 4500008004100000082001300041100001400054245003200068250000800100260002700108300001000135500002400145650001400169700002100183230524s9999 xx 000 0 und d a620bGAR aR.J.Garde 0aEngineering Fluid Mechanics a1ST aCHENNAIbScitechc2003 aAI;11 aQuantity Number: 1 aMechanics a A.G.Mirajgaoker